• 首页
  • 本馆介绍
  • 公告通知
  • 最新文献
  • 馆藏检索
  • 电子资源
  • 读者导购
  • 参考咨询
  • 我的图书馆
  • 登录
  • 详细信息显示
  • 放入我的书架
  • 预约/预借图书
  • 作者相关作品
  • 分类相关作品
  • 丛书相关作品
  • 出版社相关作品

书目信息

  • 表格格式
  • 工作单格式
  • 卡片格式
题名:
友善用脑让课堂更精彩
    
 
作者: 李洪祥 编著
分册:  
出版信息: 北京   北京日报出版社  2017.09
页数: 212页
开本: 24cm
丛书名: 多彩教育系列丛书
单 册:
中图分类: G622.421
科图分类:
主题词: 小学--课堂教学--教学研究
电子资源:
ISBN: 978-7-5477-2679-2
000 00926oam2 2200253 450
001 0103152646
005 20201103152730.0
010    @a978-7-5477-2679-2@dCNY39.80
100    @a20171222e20202017em y0chiy50 ea
101 0  @achi@aeng
102    @aCN@b110000
105    @ay z 000yy
106    @ar
200 1  @a友善用脑让课堂更精彩@Ayou shan yong nao rang ke tang geng jing cai@f李洪祥编著
210    @a北京@c北京日报出版社@d2017.09@h2020.01
215    @a212页@d24cm
225 2  @a多彩教育系列丛书
330    @a本书共分为三部分:友善用脑之活动设计、友善用脑之活动组织、友善用脑之活动评价,强调依据学生的学情来确定教学,不但关注学生学习的起点,还强调从学生身心发展规律角度调节学生的学习状态。
461  0 @12001 @a多彩教育系列丛书
606 0  @a小学@x课堂教学@x教学研究
690    @aG622.421@v5
701  0 @a李洪祥@Ali hong xiang@c(教育)@4编著
801  0 @aCN@bBJSZM@c20201103
905    @b1255816-20@dG622.421@e1034@f5
    
    友善用脑让课堂更精彩/李洪祥编著.-北京:北京日报出版社,2017.09(2020.01)
    212页;24cm.-(多彩教育系列丛书)
    
    
    ISBN 978-7-5477-2679-2:CNY39.80
    本书共分为三部分:友善用脑之活动设计、友善用脑之活动组织、友善用脑之活动评价,强调依据学生的学情来确定教学,不但关注学生学习的起点,还强调从学生身心发展规律角度调节学生的学习状态。
●
相关链接 在E读中查询图书 在五车中查询图书 在当当中查询图书 在豆瓣中查询图书


正题名:友善用脑让课堂更精彩     索取号:G622.421/1034         预约/预借

序号 登录号 条形码 馆藏地/架位号 状态 备注
1 1255816   212558169   第一样本阅览室/ [索取号:G622.421/1034] 在馆    
2 1255817   212558178   教育系资料室/ [索取号:G622.421/1034] 在馆    
3 1255818   212558187   教育系资料室/ [索取号:G622.421/1034] 在馆    
4 1255819   212558196   第四借阅区/ [索取号:G622.421/1034] 在馆    
5 1255820   212558203   第四借阅区/ [索取号:G622.421/1034] 在馆    
唐山师范学院图书馆 欢迎您!
大连网信软件有限公司© 版权所有